000
00313nam a22001457a 4500
008
210518b ||||| |||| 00| 0 eng d
020
_a
9780072904437
041
_a
eng
080
_2
8th
_a
91
082
_a
91
100
_a
42
101
_a
GJEO
245
_a
Physical Geology
_c
Plaumer,Ch.C
942
_2
udc
_c
BK
999
_c
57444
_d
57444